[Event "Oberliga NRW 2122"]
[Site "Germany"]
[Date "2021.10.31"]
[Round "1.7"]
[White "Kolkin, Michail"]
[Black "Raasch, Joerg"]
[Result "0-1"]
[WhiteElo "2312"]
[BlackElo "2277"]
[PlyCount "74"]
[EventDate "2021.10.31"]
[EventType "team-tourn"]
[EventRounds "9"]
[EventCountry "GER"]
[SourceTitle "EXT 2023"]
[Source "ChessBase"]
[SourceDate "2022.10.05"]
[SourceVersion "1"]
[SourceVersionDate "2022.10.05"]
[SourceQuality "1"]
[WhiteTeam "Siegburg"]
[BlackTeam "Koeln SF"]
[WhiteTeamCountry "GER"]
[BlackTeamCountry "GER"]

1. Nf3 d5 2. g3 Nf6 3. Bg2 c6 4. 0-0 Bf5 5. d3 e6 6. c4 Bc5 7. Nc3 h6 8. Qb3 Qc8 9. cxd5 exd5 10. e4 dxe4 11. Nxe4 Bxe4 12. dxe4 0-0 13. Nh4 Nbd7 14. Nf5 Re8 15. Qc3 Bf8 16. Re1 Qc7 17. Bf4 Qb6 18. Bd6 Rad8 19. Rad1 Re6 20. Bxf8 Nxf8 21. Rxd8 Qxd8 22. e5 Nd5 23. Qb3 Qa5 24. Re2 Nd7 25. Qxb7 N5b6 26. Qc7 Qb5 27. Bf1 Nxe5 28. Qd8+ Kh7 29. Qf8 Nf3+ 30. Kh1 Qxf5 31. Qd8 g6 32. Qd1 Rxe2 33. Bxe2 Ng5 34. h4 Ne6 35. Kg1 Qd5 36. h5 Qxd1+ 37. Bxd1 g5 0-1

[Event "Mittelrhein Verbandsliga Nord 1920"]
[Site "Mittelrhein"]
[Date "2019.10.27"]
[Round "2.1"]
[White "Raasch, Joerg"]
[Black "Goergens, Albert"]
[Result "1/2-1/2"]
[WhiteElo "2144"]
[BlackElo "2165"]
[PlyCount "22"]
[EventDate "2019.09.29"]
[EventType "team-tourn"]
[EventRounds "9"]
[EventCountry "GER"]
[SourceTitle "EXT 2023"]
[Source "ChessBase"]
[SourceDate "2022.10.05"]
[SourceVersion "1"]
[SourceVersionDate "2022.10.05"]
[SourceQuality "1"]
[WhiteTeam "Klub Koelner SF III"]
[BlackTeam "Pulheim"]
[WhiteTeamCountry "GER"]
[BlackTeamCountry "GER"]

1. d4 Nf6 2. Nf3 g6 3. g3 Bg7 4. Bg2 0-0 5. 0-0 d6 6. c4 Nbd7 7. Nc3 e5 8. Qc2 c6 9. Rd1 Re8 10. b3 Qa5 11. Qb2 e4 1/2-1/2

[Event "Mittelrhein Regionalliga 1920"]
[Site "Mittelrhein"]
[Date "2019.10.27"]
[Round "2.8"]
[White "Raasch, Joerg"]
[Black "Morschel, Steffen"]
[Result "1-0"]
[WhiteElo "2144"]
[BlackElo "1700"]
[PlyCount "91"]
[EventDate "2019.09.29"]
[EventType "team-tourn"]
[EventRounds "9"]
[EventCountry "GER"]
[SourceTitle "EXT 2023"]
[Source "ChessBase"]
[SourceDate "2022.10.05"]
[SourceVersion "1"]
[SourceVersionDate "2022.10.05"]
[SourceQuality "1"]
[WhiteTeam "Koeln SF II"]
[BlackTeam "Horrem"]
[WhiteTeamCountry "GER"]
[BlackTeamCountry "GER"]

1. Nf3 Nf6 2. b3 c5 3. Bb2 Nc6 4. e3 e6 5. d4 b6 6. c4 cxd4 7. exd4 d5 8. Nbd2 Be7 9. Bd3 0-0 10. 0-0 Bb7 11. Qe2 Re8 12. Rac1 Rc8 13. Bb1 Bf8 14. Rfd1 g6 15. Nf1 Ne7 16. Ne5 Nf5 17. Ne3 Nxe3 18. Qxe3 Re7 19. c5 Rec7 20. b4 b5 21. Bd3 a6 22. Ra1 Bc6 23. a4 Rb7 24. Nxc6 Rxc6 25. axb5 axb5 26. Ra5 Qb8 27. Rda1 Rc8 28. Qe2 Kg7 29. g3 Ne8 30. Bc1 Nc7 31. Bf4 Be7 32. Be5+ Kg8 33. h4 h6 34. Kg2 Re8 35. Qe3 Kh7 36. Qf3 f5 37. Qe2 Qc8 38. Bxb5 Nxb5 39. Rxb5 Qc6 40. Rxb7 Qxb7 41. b5 Kg8 42. c6 Qc8 43. Qc2 Bd8 44. c7 Be7 45. Qc6 Kf7 46. b6 1-0

[Event "Oberliga NRW 1213"]
[Site "Germany"]
[Date "2013.03.10"]
[Round "7.5"]
[White "Raasch, Joerg"]
[Black "Van Beek, Alexander"]
[Result "1/2-1/2"]
[WhiteElo "2238"]
[BlackElo "2261"]
[PlyCount "34"]
[EventDate "2012.09.16"]
[EventType "team-tourn"]
[EventRounds "9"]
[EventCountry "GER"]
[SourceTitle "EXT 2017"]
[Source "ChessBase"]
[SourceDate "2016.10.25"]
[SourceVersion "1"]
[SourceVersionDate "2016.10.25"]
[SourceQuality "1"]
[WhiteTeam "Koeln SF"]
[BlackTeam "Erkenschwick"]
[WhiteTeamCountry "GER"]
[BlackTeamCountry "GER"]

1. d4 d5 2. Nf3 Nf6 3. c4 e6 4. e3 b6 5. Bd3 dxc4 6. Bxc4 Bb7 7. 0-0 Nbd7 8. b3 Bd6 9. Bb2 0-0 10. Nbd2 c5 11. dxc5 Nxc5 12. b4 Nce4 13. Nxe4 Bxe4 14. Ng5 Bf5 15. e4 Bxh2+ 16. Kh1 Qc7 17. exf5 Qxc4 1/2-1/2

[Event "Oberliga NRW 1213"]
[Site "Germany"]
[Date "2013.01.20"]
[Round "5.6"]
[White "Raasch, Joerg"]
[Black "Montignies, Rainer"]
[Result "1/2-1/2"]
[WhiteElo "2238"]
[BlackElo "2251"]
[PlyCount "80"]
[EventDate "2012.09.16"]
[EventType "team-tourn"]
[EventRounds "9"]
[EventCountry "GER"]
[SourceTitle "EXT 2017"]
[Source "ChessBase"]
[SourceDate "2016.10.25"]
[SourceVersion "1"]
[SourceVersionDate "2016.10.25"]
[SourceQuality "1"]
[WhiteTeam "Koeln SF"]
[BlackTeam "Duisburg PSV"]
[WhiteTeamCountry "GER"]
[BlackTeamCountry "GER"]

1. d4 e6 2. e3 Nf6 3. Nf3 c5 4. Bd3 d5 5. c3 Nc6 6. 0-0 Bd6 7. Nbd2 0-0 8. dxc5 Bxc5 9. e4 b6 10. Qe2 Qc7 11. e5 Ng4 12. Bxh7+ Kxh7 13. Ng5+ Kg8 14. Qxg4 Qxe5 15. Nb3 Bd6 16. g3 Qf6 17. Qh5 Qh6 18. Qxh6 gxh6 19. Nf3 Kg7 20. Nbd4 Nxd4 21. Nxd4 Bd7 22. Be3 e5 23. Ne2 Be6 24. Rad1 b5 25. f4 f6 26. fxe5 fxe5 27. Rxf8 Rxf8 28. Nc1 Rf7 29. Nd3 Rc7 30. a3 a6 31. Nb4 Bxb4 32. axb4 h5 33. Re1 Bf5 34. Bb6 Re7 35. Kf2 Re6 36. Bc7 Be4 37. Ke3 Re7 38. Bd6 Re6 39. Bc7 Re7 40. Bd6 Re6 1/2-1/2

[Event "Oberliga NRW 1213"]
[Site "Germany"]
[Date "2012.09.16"]
[Round "1.5"]
[White "Rempel, Eugen"]
[Black "Raasch, Joerg"]
[Result "1-0"]
[WhiteElo "2115"]
[BlackElo "2238"]
[PlyCount "147"]
[EventDate "2012.09.16"]
[EventType "team-tourn"]
[EventRounds "9"]
[EventCountry "GER"]
[SourceTitle "EXT 2017"]
[Source "ChessBase"]
[SourceDate "2016.10.25"]
[SourceVersion "1"]
[SourceVersionDate "2016.10.25"]
[SourceQuality "1"]
[WhiteTeam "Dortmund Hansa II"]
[BlackTeam "Koeln SF"]
[WhiteTeamCountry "GER"]
[BlackTeamCountry "GER"]

1. e4 e6 2. d4 d5 3. Nd2 Nf6 4. e5 Nfd7 5. Bd3 c5 6. c3 b6 7. Ne2 Ba6 8. Nf3 Be7 9. 0-0 Bxd3 10. Qxd3 Nc6 11. Nf4 c4 12. Qc2 g6 13. b3 Na5 14. h4 Qc7 15. Ng5 Bxg5 16. hxg5 0-0-0 17. Nh3 Rde8 18. Re1 Nb8 19. Re3 Nbc6 20. Rf3 cxb3 21. Qe2 bxa2 22. Qxa2 Kb8 23. Nf4 Nc4 24. Nd3 Rc8 25. Ba3 h6 26. Bc1 hxg5 27. Bxg5 Rcg8 28. Nf4 Rh7 29. Nh3 Rh5 30. Bf6 a5 31. Rb1 Ka7 32. Ng5 Rb8 33. g4 Rxg5 34. Bxg5 b5 35. Kg2 b4 36. cxb4 Nxb4 37. Qa4 Ka6 38. Rh1 Nb6 39. Qb3 Rb7 40. Rh7 Kb5 41. Rfxf7 Qxf7 42. Rxf7 Rxf7 43. Qb1 Rg7 44. Bd2 Nc4 45. Bc3 Nb6 46. Qf1+ Nc4 47. Qh1 Nd3 48. Qb1+ Nb4 49. f4 Nb6 50. Qf1+ Nc4 51. Kg3 Ka4 52. Qd1+ Ka3 53. Kh4 Na2 54. Ba1 a4 55. Kg5 Rg8 56. Qd3+ Kb4 57. Qc2 Ka3 58. Kh6 Rh8+ 59. Kxg6 Rh1 60. Bc3 Rc1 61. Bb4+ Kxb4 62. Qxa2 Rg1 63. Kh5 a3 64. f5 exf5 65. gxf5 Kc3 66. f6 Rh1+ 67. Kg5 Kxd4 68. Qf2+ Kxe5 69. f7 Nd6 70. Qf6+ Ke4 71. f8Q Rg1+ 72. Kh4 a2 73. Qf3+ Kd4 74. Qf2+ 1-0

[Event "BL2-West 1112"]
[Site "Germany"]
[Date "2012.03.18"]
[Round "8.4"]
[White "Lutz, Christopher"]
[Black "Raasch, Joerg"]
[Result "1-0"]
[WhiteElo "2571"]
[BlackElo "2304"]
[PlyCount "65"]
[EventDate "2011.10.02"]
[EventType "team-tourn"]
[EventRounds "9"]
[EventCountry "GER"]
[SourceTitle "EXT 2015"]
[Source "ChessBase"]
[SourceDate "2014.11.20"]
[SourceVersion "1"]
[SourceVersionDate "2014.11.20"]
[SourceQuality "1"]
[WhiteTeam "Koeln Porz"]
[BlackTeam "Koeln SF"]
[WhiteTeamCountry "GER"]
[BlackTeamCountry "GER"]

1. e4 e6 2. d4 d5 3. Nc3 Nf6 4. e5 Nfd7 5. f4 c5 6. Nf3 Nc6 7. Be3 cxd4 8. Nxd4 Bc5 9. Qd2 0-0 10. 0-0-0 a6 11. Qf2 Bxd4 12. Bxd4 b5 13. Be3 b4 14. Na4 a5 15. h4 Ba6 16. Bxa6 Rxa6 17. h5 Ne7 18. g4 Rc6 19. Kb1 f6 20. h6 g6 21. exf6 Nxf6 22. Qg1 Qc7 23. Rh2 Ne4 24. Bc1 Rc4 25. b3 Rc3 26. Bb2 Qxf4 27. Nxc3 bxc3 28. Bc1 Qf3 29. Re1 Nc6 30. Qb6 Nd8 31. Qxa5 Qxg4 32. Ba3 Re8 33. Qb5 1-0

[Event "BL2-West 1011"]
[Site "Germany"]
[Date "2011.02.27"]
[Round "7.5"]
[White "Raasch, Joerg"]
[Black "Van den Doel, Erik"]
[Result "0-1"]
[WhiteElo "2298"]
[BlackElo "2573"]
[PlyCount "104"]
[EventDate "2010.10.10"]
[EventType "team-tourn"]
[EventRounds "9"]
[EventCountry "GER"]
[SourceTitle "EXT 2012"]
[Source "ChessBase"]
[SourceDate "2011.11.24"]
[SourceVersion "1"]
[SourceVersionDate "2011.11.24"]
[SourceQuality "1"]
[WhiteTeam "Koeln SF"]
[BlackTeam "Koeln Porz"]
[WhiteTeamCountry "GER"]
[BlackTeamCountry "GER"]

1. d4 Nf6 2. Nf3 e6 3. g3 b5 4. Bg2 d5 5. 0-0 Be7 6. Nbd2 0-0 7. Nb3 Nbd7 8. Na5 Bd6 9. Nc6 Qe8 10. Nfe5 Ne4 11. Nxd7 Bxd7 12. Ne5 Bc8 13. c4 bxc4 14. Nxc4 Be7 15. Nd2 Nxd2 16. Bxd2 Qb5 17. Bc3 Ba6 18. Re1 c5 19. dxc5 Bxc5 20. e3 Rfd8 21. Qg4 Bf8 22. Bf1 Qb6 23. Rac1 Bxf1 24. Rxf1 Rac8 25. Qe2 f6 26. Qd2 Qb5 27. b3 e5 28. Bb2 Bb4 29. Qd1 Rxc1 30. Qxc1 d4 31. exd4 exd4 32. Rd1 d3 33. Qc7 Re8 34. Bc3 Bc5 35. Re1 Re2 36. Qc8+ Kf7 37. Qc7+ Kg6 38. Rxe2 dxe2 39. Be1 Bb6 40. Qc2+ f5 41. Qd2 h6 42. a4 Qe5 43. Qd3 h5 44. a5 Bd4 45. b4 Qe4 46. Qd2 h4 47. gxh4 f4 48. b5 Kh5 49. Qa2 f3 50. Qf7+ Qg6+ 51. Qxg6+ Kxg6 52. h3 Kh5 0-1

[Event "BL2-West 1011"]
[Site "Germany"]
[Date "2011.02.06"]
[Round "6.5"]
[White "Fischdick, Gisela"]
[Black "Raasch, Joerg"]
[Result "0-1"]
[WhiteElo "2245"]
[BlackElo "2298"]
[PlyCount "80"]
[EventDate "2010.10.10"]
[EventType "team-tourn"]
[EventRounds "9"]
[EventCountry "GER"]
[SourceTitle "EXT 2012"]
[Source "ChessBase"]
[SourceDate "2011.11.24"]
[SourceVersion "1"]
[SourceVersionDate "2011.11.24"]
[SourceQuality "1"]
[WhiteTeam "Gerresheim"]
[BlackTeam "Koeln SF"]
[WhiteTeamCountry "GER"]
[BlackTeamCountry "GER"]

1. d4 e6 2. Nf3 c5 3. g3 Nf6 4. Bg2 Nc6 5. 0-0 d5 6. b3 cxd4 7. Nxd4 Bc5 8. Bb2 0-0 9. e3 Qe7 10. Nc3 Rd8 11. Na4 Bd6 12. Qe2 e5 13. Nxc6 bxc6 14. Rfd1 Bg4 15. f3 Bf5 16. c4 h5 17. c5 Bc7 18. e4 dxe4 19. fxe4 Bg6 20. Bf3 Rab8 21. Kg2 Rb4 22. Bc3 Rbb8 23. h3 h4 24. g4 Nd7 25. b4 Nf8 26. Nb2 Ne6 27. Qa6 Qf6 28. Be1 Nf4+ 29. Kh2 Nxh3 30. Qf1 Ng5 31. Bg2 Qe6 32. Bxh4 Qxg4 33. Bxg5 Qxg5 34. a3 Rd4 35. Re1 Qh4+ 36. Bh3 Rd2+ 37. Re2 Qf4+ 38. Kg1 Rxe2 39. Qxe2 Bxe4 40. Nc4 Bf3 0-1

[Event "BL2-West 1011"]
[Site "Germany"]
[Date "2010.11.14"]
[Round "3.4"]
[White "Zude, Arno"]
[Black "Raasch, Joerg"]
[Result "1/2-1/2"]
[WhiteElo "2470"]
[BlackElo "2298"]
[PlyCount "68"]
[EventDate "2010.10.10"]
[EventType "team-tourn"]
[EventRounds "9"]
[EventCountry "GER"]
[SourceTitle "EXT 2012"]
[Source "ChessBase"]
[SourceDate "2011.11.24"]
[SourceVersion "1"]
[SourceVersionDate "2011.11.24"]
[SourceQuality "1"]
[WhiteTeam "Hofheim"]
[BlackTeam "Koeln SF"]
[WhiteTeamCountry "GER"]
[BlackTeamCountry "GER"]

1. e4 e6 2. d4 d5 3. Nc3 Nf6 4. e5 Nfd7 5. f4 c5 6. Nf3 Nc6 7. Be3 cxd4 8. Nxd4 Bc5 9. Qd2 0-0 10. 0-0-0 a6 11. h4 Nxd4 12. Bxd4 Qc7 13. Qe3 b5 14. a3 Rb8 15. Bxc5 Qxc5 16. Qxc5 Nxc5 17. b4 Nd7 18. Bd3 Rb7 19. Ne2 Rc7 20. Nd4 Nb6 21. Rde1 Bd7 22. Re3 Ra8 23. Rhe1 h6 24. g4 a5 25. Kd2 axb4 26. axb4 Nc4+ 27. Bxc4 Rxc4 28. c3 Ra2+ 29. Kd3 Rf2 30. Ra1 Rxf4 31. Ra7 Bc6 32. Ra6 Bd7 33. Ra7 Bc6 34. Ra6 Bd7 1/2-1/2

[Event "Cologne Chess Days op"]
[Site "Cologne"]
[Date "2010.08.22"]
[Round "4"]
[White "Raasch, Joerg"]
[Black "Prill, Daniel"]
[Result "1/2-1/2"]
[WhiteElo "2301"]
[BlackElo "2117"]
[PlyCount "92"]
[EventDate "2010.08.20"]
[EventType "swiss"]
[EventRounds "5"]
[EventCountry "GER"]
[SourceTitle "EXT 2011"]
[Source "ChessBase"]
[SourceDate "2010.11.26"]
[SourceVersion "1"]
[SourceVersionDate "2010.11.26"]
[SourceQuality "1"]

1. d4 d5 2. Nf3 Nf6 3. c4 c6 4. Qb3 dxc4 5. Qxc4 Qd5 6. e3 Bg4 7. Ne5 Nbd7 8. Nxg4 Nxg4 9. Qxd5 cxd5 10. Nc3 e6 11. Be2 Ngf6 12. 0-0 Rc8 13. Bd2 Bb4 14. Rfc1 0-0 15. a3 Be7 16. Na4 a6 17. b4 Ne4 18. Be1 Nd6 19. Nc5 Nb8 20. a4 Bd8 21. Kf1 Re8 22. Bd3 Re7 23. Bd2 f6 24. e4 b6 25. exd5 bxc5 26. dxc5 Nf7 27. d6 Re8 28. Bxa6 Nxa6 29. d7 Be7 30. Rab1 Ne5 31. c6 Nxd7 32. cxd7 Rxc1+ 33. Rxc1 Rd8 34. b5 Nb8 35. Ba5 Rf8 36. b6 Kf7 37. b7 Nxd7 38. Rc7 Nb8 39. Bb4 Re8 40. a5 Na6 41. Bd6 e5 42. Ke2 Ke6 43. Rc8 Kd7 44. Rxe8 Kxe8 45. b8Q+ Nxb8 46. Bxb8 Kd7 1/2-1/2

[Event "Cologne Chess Days op"]
[Site "Cologne"]
[Date "2010.08.21"]
[Round "2"]
[White "Raasch, Joerg"]
[Black "Henrotte, Nils"]
[Result "1-0"]
[WhiteElo "2301"]
[BlackElo "1655"]
[PlyCount "79"]
[EventDate "2010.08.20"]
[EventType "swiss"]
[EventRounds "5"]
[EventCountry "GER"]
[SourceTitle "EXT 2011"]
[Source "ChessBase"]
[SourceDate "2010.11.26"]
[SourceVersion "1"]
[SourceVersionDate "2010.11.26"]
[SourceQuality "1"]

1. d4 d5 2. c4 c5 3. e3 Nf6 4. Nc3 e6 5. Nf3 b6 6. Ne5 cxd4 7. exd4 dxc4 8. Bxc4 Be7 9. Bb5+ Bd7 10. Qf3 Bb4 11. Bd3 Qc7 12. Qxa8 Bxc3+ 13. bxc3 Qxc3+ 14. Bd2 Qxa1+ 15. Ke2 Qxd4 16. Qxb8+ Ke7 17. Qc7 Qa4 18. Nxd7 Qg4+ 19. Ke1 Nxd7 20. Qg3 Qd4 21. Ke2 Ne5 22. Rb1 Qxd3+ 23. Qxd3 Nxd3 24. Kxd3 Rc8 25. Rc1 Rxc1 26. Bxc1 Kd6 27. Kc4 a6 28. Bb2 f6 29. Bd4 Kc6 30. g4 b5+ 31. Kb4 Kd5 32. Be3 f5 33. gxf5 exf5 34. Ka5 h6 35. Kxa6 Kc4 36. Kb6 g5 37. Kc6 f4 38. Bb6 h5 39. Kd6 Kc3 40. Ke5 1-0

[Event "Cologne Chess Days op"]
[Site "Cologne"]
[Date "2010.08.20"]
[Round "1"]
[White "Gnass, Arno"]
[Black "Raasch, Joerg"]
[Result "1/2-1/2"]
[WhiteElo "1870"]
[BlackElo "2301"]
[PlyCount "113"]
[EventDate "2010.08.20"]
[EventType "swiss"]
[EventRounds "5"]
[EventCountry "GER"]
[SourceTitle "EXT 2011"]
[Source "ChessBase"]
[SourceDate "2010.11.26"]
[SourceVersion "1"]
[SourceVersionDate "2010.11.26"]
[SourceQuality "1"]

1. d4 d5 2. c4 e6 3. e3 c5 4. cxd5 exd5 5. Nf3 Nf6 6. Nc3 Nc6 7. Be2 Bd6 8. 0-0 0-0 9. Nb5 Be7 10. b3 a6 11. Nc3 Bg4 12. Ne5 Bxe2 13. Nxc6 Bxd1 14. Nxd8 Bxb3 15. Nxb7 Bc4 16. Rd1 cxd4 17. exd4 Bb4 18. Bd2 Rfc8 19. Na4 Ba3 20. Nb6 Bb2 21. Nxc8 Bxa1 22. Rxa1 Rxc8 23. Nc5 Re8 24. Bg5 Re2 25. h3 h6 26. Be3 Ne8 27. a4 Nd6 28. g4 Rb2 29. Bf4 Ne4 30. Nxe4 dxe4 31. Be3 Rb4 32. a5 Rb5 33. Kg2 h5 34. Kg3 hxg4 35. hxg4 Kf8 36. Rc1 Bd5 37. Bg5 f6 38. Bd2 Rb3+ 39. Be3 Rb5 40. Bd2 Rb2 41. Be3 Kf7 42. Rc7+ Kg6 43. Rc5 Rb5 44. Rxb5 axb5 45. a6 Kf7 46. Kf4 Ke6 47. Bd2 Bc6 48. Bb4 Kd5 49. Bc5 Bd7 50. a7 g5+ 51. Ke3 Bc6 52. Be7 Ke6 53. Bc5 f5 54. gxf5+ Kxf5 55. Bd6 Ke6 56. Bc5 Kd5 57. f3 1/2-1/2

[Event "Oberliga NRW 0910"]
[Site "Germany"]
[Date "2010.03.21"]
[Round "8.5"]
[White "Raasch, Joerg"]
[Black "Bus, Tom"]
[Result "1-0"]
[WhiteElo "2315"]
[BlackElo "2172"]
[PlyCount "131"]
[EventDate "2009.09.20"]
[EventType "team-tourn"]
[EventRounds "9"]
[EventCountry "GER"]
[SourceTitle "EXT 2011"]
[Source "ChessBase"]
[SourceDate "2010.11.26"]
[SourceVersion "1"]
[SourceVersionDate "2010.11.26"]
[SourceQuality "1"]
[WhiteTeam "Koeln SF"]
[BlackTeam "Muelheim Nord II"]
[WhiteTeamCountry "GER"]
[BlackTeamCountry "GER"]

1. d4 Nf6 2. Nf3 c5 3. d5 g6 4. Nc3 Bg7 5. e4 d6 6. Bb5+ Nbd7 7. a4 0-0 8. 0-0 a6 9. Be2 Rb8 10. Re1 Ne8 11. Bf4 Nc7 12. Qd2 b5 13. axb5 axb5 14. Bh6 b4 15. Bxg7 Kxg7 16. Nd1 Nf6 17. Bc4 Bg4 18. Qf4 Bxf3 19. Qxf3 Qd7 20. Ne3 Ra8 21. Qf4 Rxa1 22. Rxa1 Ra8 23. Rxa8 Nxa8 24. h4 Nb6 25. b3 Qa7 26. Kh2 Qa1 27. Bd3 h6 28. Ng4 Nxg4+ 29. Qxg4 Qd4 30. Qe2 Nd7 31. Bb5 Nf6 32. Bd3 g5 33. hxg5 hxg5 34. g3 Qe5 35. Kg2 g4 36. Qe3 Qh5 37. Qf4 Nd7 38. Be2 Ne5 39. Bd1 Qh3+ 40. Kg1 Qh6 41. Kg2 Qh3+ 42. Kg1 Qh5 43. Kg2 Kg6 44. Be2 f6 45. Bd1 f5 46. exf5+ Qxf5 47. Qe3 Kf6 48. Qf4 e6 49. dxe6 Kxe6 50. Qh6+ Ke7 51. Qg7+ Qf7 52. Qg5+ Qf6 53. Qf4 d5 54. Qe3 d4 55. Qe4 Qe6 56. Be2 Kd6 57. Qf4 Kc6 58. Qf8 Nd7 59. Qc8+ Kd6 60. Qa6+ Ke7 61. Qxe6+ Kxe6 62. Bxg4+ Kd6 63. Bxd7 Kxd7 64. Kf1 c4 65. Ke2 d3+ 66. cxd3 1-0

[Event "Oberliga NRW 0910"]
[Site "Germany"]
[Date "2009.12.20"]
[Round "4.5"]
[White "Raasch, Joerg"]
[Black "Wagenknecht, Uwe"]
[Result "1-0"]
[WhiteElo "2315"]
[BlackElo "2190"]
[PlyCount "135"]
[EventDate "2009.09.20"]
[EventType "team-tourn"]
[EventRounds "9"]
[EventCountry "GER"]
[SourceTitle "EXT 2011"]
[Source "ChessBase"]
[SourceDate "2010.11.26"]
[SourceVersion "1"]
[SourceVersionDate "2010.11.26"]
[SourceQuality "1"]
[WhiteTeam "Koeln SF"]
[BlackTeam "Bielefeld"]
[WhiteTeamCountry "GER"]
[BlackTeamCountry "GER"]

1. Nf3 Nf6 2. d4 g6 3. Nbd2 d5 4. e3 Bg7 5. b4 c6 6. c4 Nbd7 7. Be2 a5 8. b5 c5 9. Bb2 0-0 10. 0-0 b6 11. Qb3 Bb7 12. Rfd1 e6 13. Rac1 Rc8 14. Ne5 Nxe5 15. dxe5 Nd7 16. f4 Qe7 17. Bf3 Rfd8 18. Qc2 Nf8 19. Nf1 Rd7 20. Rd2 Rcd8 21. Rcd1 f6 22. exf6 Bxf6 23. Bxf6 Qxf6 24. h3 Qg7 25. Nh2 h5 26. g4 dxc4 27. Rxd7 Rxd7 28. Rxd7 Qxd7 29. Qxc4 Bxf3 30. Nxf3 Qd5 31. Qe2 hxg4 32. hxg4 c4 33. Ne5 Qxb5 34. Nxc4 Qb1+ 35. Kf2 a4 36. g5 b5 37. Na3 Qh1 38. Nxb5 Qh2+ 39. Ke1 Qh1+ 40. Qf1 Qe4 41. Kf2 e5 42. Nd6 Qc2+ 43. Qe2 Qxe2+ 44. Kxe2 exf4 45. exf4 Ne6 46. Ke3 Kf8 47. Nc4 Ke7 48. Nb6 Nc5 49. Kd4 Ne6+ 50. Ke5 Nc5 51. Nc4 Nd3+ 52. Ke4 Nc5+ 53. Kd4 Ne6+ 54. Ke3 Ke8 55. Ne5 Nf8 56. Ke4 Ke7 57. Kd5 Kd8 58. Kd6 Ke8 59. a3 Kd8 60. Nd3 Nd7 61. Ke6 Ke8 62. Nb2 Nb6 63. Kf6 Nd5+ 64. Kxg6 Nxf4+ 65. Kh7 Kf7 66. Nxa4 Ng6 67. Nc5 Nf8+ 68. Kh6 1-0

[Event "NRW Class2 0809"]
[Site "Germany"]
[Date "2009.03.22"]
[Round "8.5"]
[White "Van Wissen, Michiel"]
[Black "Raasch, Joerg"]
[Result "0-1"]
[WhiteElo "2279"]
[BlackElo "2306"]
[PlyCount "83"]
[EventDate "2008.09.21"]
[EventType "team-tourn"]
[EventRounds "9"]
[EventCountry "GER"]
[SourceTitle "EXT 2010"]
[Source "ChessBase"]
[SourceDate "2010.11.25"]
[SourceVersion "1"]
[SourceVersionDate "2010.11.25"]
[SourceQuality "1"]
[WhiteTeam "Castrop Rauxel"]
[BlackTeam "KKS"]
[WhiteTeamCountry "GER"]
[BlackTeamCountry "GER"]

1. e4 e6 2. d4 d5 3. Nd2 c5 4. Ngf3 cxd4 5. Nxd4 Nc6 6. Bb5 Bd7 7. Nxc6 Bxc6 8. Bxc6+ bxc6 9. c4 Nf6 10. Qa4 Qd7 11. e5 Ng8 12. 0-0 Ne7 13. Nf3 Nf5 14. Bf4 Be7 15. Rac1 Rb8 16. b3 0-0 17. Rfd1 Rb4 18. Qa5 Rb6 19. Qc3 Rd8 20. g4 Bb4 21. Qd3 Ne7 22. Be3 Rb7 23. c5 Rbb8 24. h4 h6 25. h5 Ba5 26. Kh1 Bc7 27. Bd4 Kh8 28. Rg1 Rg8 29. Qd2 Qd8 30. Rg3 Qf8 31. Rh3 a5 32. Nh4 Rb4 33. Rg1 Bd8 34. g5 hxg5 35. Rxg5 Nf5 36. Ng6+ fxg6 37. Rxf5 Qxf5 38. Kh2 g5 39. h6 Qf4+ 40. Qxf4 gxf4 41. Bc3 Re4 42. Rh5 0-1

[Event "NRW Class2 0809"]
[Site "Germany"]
[Date "2009.03.01"]
[Round "7.5"]
[White "Raasch, Joerg"]
[Black "Fehmer, Carsten"]
[Result "1-0"]
[WhiteElo "2306"]
[BlackElo "2133"]
[PlyCount "91"]
[EventDate "2008.09.21"]
[EventType "team-tourn"]
[EventRounds "9"]
[EventCountry "GER"]
[SourceTitle "EXT 2010"]
[Source "ChessBase"]
[SourceDate "2010.11.25"]
[SourceVersion "1"]
[SourceVersionDate "2010.11.25"]
[SourceQuality "1"]
[WhiteTeam "KKS"]
[BlackTeam "Krefeld"]
[WhiteTeamCountry "GER"]
[BlackTeamCountry "GER"]

1. d4 d6 2. e4 Nf6 3. Nc3 e5 4. Nf3 Nbd7 5. Bc4 Be7 6. 0-0 0-0 7. Re1 c6 8. a4 b6 9. Ba2 a6 10. h3 Rb8 11. Be3 b5 12. axb5 cxb5 13. Nd2 Bb7 14. Nd5 Nxd5 15. Bxd5 Bxd5 16. exd5 a5 17. dxe5 Nxe5 18. Bd4 Qc7 19. Ne4 Ng6 20. Qd2 b4 21. c3 b3 22. Ra4 f5 23. Ng5 Bxg5 24. Qxg5 Ne5 25. f4 Ng6 26. h4 Qd8 27. Qxd8 Rfxd8 28. g3 Rb5 29. h5 Nf8 30. c4 Rb4 31. Rxa5 Rxc4 32. Bc3 Rxc3 33. bxc3 Rc8 34. c4 Rxc4 35. Rb5 Rc3 36. Kf2 Nd7 37. Re7 Nf8 38. Reb7 Rd3 39. Rxb3 Rxd5 40. Ra3 Rc5 41. Raa7 Rc2+ 42. Kf3 Rc3+ 43. Kg2 Rc2+ 44. Kh3 Rc8 45. Rxg7+ Kh8 46. Rgf7 1-0

[Event "Cologne-ch 55th"]
[Site "Cologne"]
[Date "2008.03.15"]
[Round "7"]
[White "Raasch, Joerg"]
[Black "Morawietz, Dieter"]
[Result "0-1"]
[WhiteElo "2288"]
[BlackElo "2413"]
[PlyCount "56"]
[EventDate "2008.01.29"]
[EventType "swiss"]
[EventRounds "7"]
[EventCountry "GER"]
[SourceTitle "EXT 2010"]
[Source "ChessBase"]
[SourceDate "2010.11.25"]
[SourceVersion "1"]
[SourceVersionDate "2010.11.25"]
[SourceQuality "1"]

1. d4 Nf6 2. Nf3 g6 3. g3 Bg7 4. Bg2 0-0 5. 0-0 d6 6. Nbd2 a6 7. c3 b6 8. Nh4 Ra7 9. Qc2 c5 10. dxc5 bxc5 11. Ne4 Nxe4 12. Qxe4 Nd7 13. Bg5 Ne5 14. Rfd1 Qa5 15. Qc2 Nc4 16. Bc1 Bd7 17. Rd3 Rb8 18. b3 Ne5 19. Re3 Bf6 20. Bd2 Qd8 21. Rd1 c4 22. Be1 Qb6 23. Rb1 a5 24. h3 cxb3 25. Rxb3 Qc7 26. c4 Rc8 27. Rb1 Nxc4 28. Reb3 Ba4 0-1